000
00288nam a22001097a 4500
008
170105b xxu||||| |||| 00| 0 eng d
020
_a
9780803602359
041
_a
eng
080
_a
618.2
245
_a
ADVANCING YOUR CAREER: CONCEPTS OF PROFESSIONAL NURSING
_c
NUNNERY, R.K
942
_2
udc
_c
BK
999
_c
2587
_d
2587